| 000 | 00798nam a22002417a 4500 | ||
|---|---|---|---|
| 005 | 20251009121148.0 | ||
| 008 | 251009b ||||| |||| 00| 0 spa d | ||
| 020 | _a84-7101-395-9 | ||
| 040 |
_aAR-FvUNAJ _dAR-FvUNAJ _eaacr2 |
||
| 082 | 1 | 4 |
_214 _a616.7 |
| 100 | 1 |
_921956 _aWeisman, Michael H. |
|
| 245 | 1 | 0 |
_aTratamientos en reumatología / _cMichael H. Weisman, Michael E. Weinblantt, James S.Louie. |
| 250 | _a2a.ed. | ||
| 260 |
_aMadrid : _bMarbán, _c2003. |
||
| 300 | _axii, 566 p. | ||
| 500 | _aComplemento de Kelley's reumatología. | ||
| 650 | 0 |
_2dcs _921959 _aREUMATOLOGIA |
|
| 650 | 0 |
_2dcs _92450 _aENFERMEDADES REUMATICAS |
|
| 700 | 1 |
_921957 _aWeinblatt, Michael E. |
|
| 700 | 1 |
_921958 _aLouie, James S. |
|
| 942 |
_2ddc _cLIBRO |
||
| 980 |
_62 _aVirginia Figueroa _82 _gVirginia Figueroa |
||
| 999 |
_c11138 _d11138 |
||